An introduction to X-Ray Crystallography. (Record no. 5357)

MARC details
000 -LEADER
fixed length control field 00564nam a22002057a 4500
003 - CONTROL NUMBER IDENTIFIER
control field OSt
005 - DATE AND TIME OF LATEST TRANSACTION
control field 20200211100121.0
008 - FIXED-LENGTH DATA ELEMENTS--GENERAL INFORMATION
fixed length control field 161017b xxu||||| |||| 00| 0 eng d
020 ## - INTERNATIONAL STANDARD BOOK NUMBER
International Standard Book Number 0521423597.
040 ## - CATALOGING SOURCE
Transcribing agency DDC.
082 ## - DEWEY DECIMAL CLASSIFICATION NUMBER
Classification number 548.83WOO 1997.
100 ## - MAIN ENTRY--PERSONAL NAME
Personal name Woolfson,M.Micheal;
9 (RLIN) 11208
245 ## - TITLE STATEMENT
Title An introduction to X-Ray Crystallography.
250 ## - EDITION STATEMENT
Edition statement 2nd.ed.
260 ## - PUBLICATION, DISTRIBUTION, ETC. (IMPRINT)
Place of publication, distribution, etc. UK,
Name of publisher, distributor, etc. Cambridge University Press.
Date of publication, distribution, etc. 1997.
300 ## - PHYSICAL DESCRIPTION
Extent xii,402p;
Other physical details ill;
Dimensions 24cm.
504 ## - BIBLIOGRAPHY, ETC. NOTE
Bibliography, etc References ,Bibliography and Index.
650 ## - SUBJECT ADDED ENTRY--TOPICAL TERM
Topical term or geographic name as entry element Chemistry
9 (RLIN) 797
942 ## - ADDED ENTRY ELEMENTS (KOHA)
Source of classification or shelving scheme Dewey Decimal Classification
Koha item type Open Shelf
Holdings
Withdrawn status Lost status Source of classification or shelving scheme Damaged status Not for loan Home library Current library Date acquired Source of acquisition Inventory number Total Checkouts Full call number Barcode Date last seen Price effective from Koha item type
    Dewey Decimal Classification     MUST Main Library MUST Main Library 17/10/2016   05/24526   548.83WOO 1997. 2016-4797 17/10/2016 17/10/2016 Open Shelf
    Dewey Decimal Classification     MUST Main Library MUST Main Library 11/02/2020 Purchase 2005/24914   548.83WOO 1997. 2020-0442 11/02/2020 11/02/2020 Open Shelf
    Dewey Decimal Classification     MUST Main Library MUST Main Library 07/09/2021 Purchase 05/24525   548.83WOO 1997. 2021-0899 07/09/2021 07/09/2021 Open Shelf